000 00275nam a2200121Ia 4500
005 20251222142025.0
008 251222s9999||||xx |||||||||||||| ||spa||
082 _a818.5/A81F
100 _aAsinov, Isaac
245 0 _aEl Fin de la Eternidad
264 _bOrbis
942 _cLIB
999 _c10785
_d10785